000 00357nam a22001457a 4500
003 OSt
005 20160727222454.0
008 160705b xxu||||| |||| 00| 0 eng d
040 _cTETST
100 _92126
_a Hall, C.S
245 _aTheories of Personality
260 _aN.Y
_b John Wiley & Sons
_c1957
300 _aTheories of Personality
942 _2ddc
_cBK
999 _c1820
_d1820